| 000 -GUIDE |
| Champ de contrôle de longueur fixe |
00904nam a22002177a 4500 |
| 003 - IDENTITÉ DU NUMÉRO DE CONTRÔLE |
| Champ de contrôle |
BI-BuBU |
| 008 - ÉLÉMENTS DE LONGUEUR FIXE - RENSEIGNEMENTS GÉNÉRAUX |
| Champ de contrôle de longueur fixe |
100402t be||||dr|||| 000 0 fre d |
| 039 ## - NIVEAU DE CONTRÔLE BIBLIOGRAPHIQUE ET HISTORIQUE D'ENCODAGE [OBSOLETE] |
| Date creation |
gns |
| 040 ## - SOURCE DU CATALOGAGE |
| Organisme qui a effectué le catalogage original |
BI-BuBU |
| Code de la langue utilisée dans le catalogage |
fre |
| Organisme qui a effectué la transcription |
BI-BuBU |
| 080 ## - INDICE DE LA CLASSIFICATION DÉCIMALE UNIVERSELLE (CDU) |
| Indice de la Classification décimale universelle |
551.49 |
| 100 1# - VEDETTE PRINCIPALE - NOM DE PERSONNE |
| Code de relation |
aut |
| Nom de personne |
Ntaguzwa,Dieudonné |
| 245 1# - MENTION DU TITRE |
| Titre |
Etude hydrologique du bassin versant de la Nyakijanda |
| Reste du titre |
région de Musongati, Burundi |
| Mention de responsabilité, etc. |
par Dieudonné Ntaguzwa |
| 260 ## - PUBLICATION, DIFFUSION, ETC. (ADRESSE BIBLIOGRAPHIQUE) |
| Lieu de publication, diffusion, etc. |
Louvain-La-Neuve |
| Nom de l'éditeur, diffuseur, etc. |
Université catholique de Louvain |
| Date of publication, distribution, etc |
1994 |
| 300 ## - DESCRIPTION MATÉRIELLE |
| Collation |
132 f. |
| Autres caractéristiques matérielles |
ill. |
| Dimensions |
30 cm. |
| 500 ## - NOTE GÉNÉRALE |
| Note générale |
Mémoire présenté en vue de l'obtention du grade complémentaire d'Ingénieur en hydrologie |
| 650 #7 - VEDETTE-MATIÈRE - NOM COMMUN |
| Source du terme |
BI-BuBU |
| Vedette de sujet ou vedette comportant un nom géographique |
Musongati(Burundi).Hydrologie |
| 9 (RLIN) |
18172 |
| 650 #7 - VEDETTE-MATIÈRE - NOM COMMUN |
| Source du terme |
BI-BuBU |
| Vedette de sujet ou vedette comportant un nom géographique |
Hydrologie.Musongati(Burundi) |
| 9 (RLIN) |
18173 |
| 942 ## - ÉLÉMENTS D'ENTRÉE ADDITIONNELLE (KOHA) |
| Source de la classification ou du système de rangement |
|
| Type d item koha |
BOOK |